000 00244nam a22000857a 4500
008 161202b xxu||||| |||| 00| 0 eng d
100 _91763
_aAakash Institute
245 _aBiology Objective Type Question
260 _aNew Delhi
_bAakash Institute
_c2005
999 _c4471
_d4471